<?xml version="1.0" encoding="UTF-8"?>
<record
    xmlns:xsi="http://www.w3.org/2001/XMLSchema-instance"
    xsi:schemaLocation="http://www.loc.gov/MARC21/slim http://www.loc.gov/standards/marcxml/schema/MARC21slim.xsd"
    xmlns="http://www.loc.gov/MARC21/slim">

  <leader>01653nam a22002897a 4500</leader>
  <controlfield tag="005">2009112108048.0</controlfield>
  <controlfield tag="008">091116t        xxu||||| |||| 00| 0 hin d</controlfield>
  <datafield tag="010" ind1=" " ind2=" ">
    <subfield code="a">HIN-88622</subfield>
  </datafield>
  <datafield tag="020" ind1=" " ind2=" ">
    <subfield code="c">100.00</subfield>
    <subfield code="a">9788183481496</subfield>
  </datafield>
  <datafield tag="020" ind1=" " ind2=" ">
    <subfield code="c">100.00</subfield>
    <subfield code="a">8183481493</subfield>
  </datafield>
  <datafield tag="035" ind1=" " ind2=" ">
    <subfield code="a">HN-60968</subfield>
  </datafield>
  <datafield tag="037" ind1=" " ind2=" ">
    <subfield code="b">DBAD / VEN / &#x938;&#x941;&#x930;&#x947;&#x928;&#x94D;&#x926;&#x94D;&#x930; &#x915;&#x941;&#x92E;&#x93E;&#x930; &#x90F;&#x923;&#x94D;&#x921; &#x938;&#x902;&#x938;</subfield>
  </datafield>
  <datafield tag="040" ind1=" " ind2=" ">
    <subfield code="a">DPL</subfield>
    <subfield code="b">HN</subfield>
  </datafield>
  <datafield tag="082" ind1=" " ind2=" ">
    <subfield code="a">808.6</subfield>
  </datafield>
  <datafield tag="100" ind1=" " ind2=" ">
    <subfield code="a">&#x905;&#x925;&#x948;&#x92F;&#x93E;, &#x92E;&#x927;&#x941;&#x930; </subfield>
  </datafield>
  <datafield tag="245" ind1=" " ind2=" ">
    <subfield code="a">&#x935;&#x94D;&#x92F;&#x93E;&#x92A;&#x93E;&#x930;&#x93F;&#x915; &#x92A;&#x924;&#x94D;&#x930;-&#x932;&#x947;&#x916;&#x928;&#x903;   </subfield>
    <subfield code="c">&#x92E;&#x927;&#x941;&#x930; &#x905;&#x925;&#x948;&#x92F;&#x93E;</subfield>
    <subfield code="b">( &#x906;&#x927;&#x941;&#x928;&#x93F;&#x915; &#x90F;&#x935;&#x92E;&#x94D; &#x935;&#x94D;&#x92F;&#x93E;&#x935;&#x939;&#x93E;&#x930;&#x93F;&#x915; &#x926;&#x943;&#x937;&#x94D;&#x91F;&#x93F;&#x915;&#x94B;&#x923; ) /</subfield>
  </datafield>
  <datafield tag="246" ind1=" " ind2=" ">
    <subfield code="a">Vyaparik Patr-Laikhan :(Aadhunik evm Vyavaharik Drishtikon) /</subfield>
    <subfield code="b">Madhur Athaiya</subfield>
  </datafield>
  <datafield tag="260" ind1=" " ind2=" ">
    <subfield code="a">&#x92E;&#x947;&#x930;&#x920;</subfield>
    <subfield code="b">&#x905;&#x930;&#x93F;&#x939;&#x928;&#x94D;&#x924; &#x92A;&#x92C;&#x94D;&#x932;&#x93F;&#x915;&#x947;&#x936;&#x928;&#x94D;&#x938;</subfield>
    <subfield code="c">2008</subfield>
  </datafield>
  <datafield tag="270" ind1=" " ind2=" ">
    <subfield code="a">&#x915;&#x93E;&#x932;&#x93F;&#x928;&#x94D;&#x926;&#x940;, &#x91F;&#x94D;&#x930;&#x93E;&#x902;&#x938;&#x92A;&#x94B;&#x930;&#x94D;&#x91F; &#x928;&#x917;&#x930;,</subfield>
    <subfield code="b">&#x92E;&#x947;&#x930;&#x920;</subfield>
    <subfield code="e"> </subfield>
    <subfield code="k">012-2401479, 2512970, 2402029</subfield>
    <subfield code="l"> </subfield>
  </datafield>
  <datafield tag="300" ind1=" " ind2=" ">
    <subfield code="a">288&#x92A;&#x943;</subfield>
    <subfield code="c">22&#x938;&#x947;&#x92E;&#x940; (&#x905;&#x91C;&#x93F;&#x932;&#x94D;&#x926;)</subfield>
  </datafield>
  <datafield tag="650" ind1=" " ind2=" ">
    <subfield code="a"> &#x939;&#x93F;&#x928;&#x94D;&#x926;&#x940; &#x92D;&#x93E;&#x937;&#x93E;</subfield>
    <subfield code="x">&#x92A;&#x924;&#x94D;&#x930; &#x935;&#x94D;&#x92F;&#x935;&#x939;&#x93E;&#x930;</subfield>
  </datafield>
  <datafield tag="650" ind1=" " ind2=" ">
    <subfield code="a">Hindi language</subfield>
    <subfield code="x">Correspondence</subfield>
  </datafield>
  <datafield tag="700" ind1=" " ind2=" ">
    <subfield code="a"> </subfield>
  </datafield>
  <datafield tag="942" ind1=" " ind2=" ">
    <subfield code="2">ddc</subfield>
    <subfield code="c">HN</subfield>
    <subfield code="h">808.6</subfield>
    <subfield code="m">&#x905;&#x925;&#x948;&#x92F;&#x93E;</subfield>
  </datafield>
  <datafield tag="999" ind1=" " ind2=" ">
    <subfield code="c">32018</subfield>
    <subfield code="d">32018</subfield>
  </datafield>
  <datafield tag="952" ind1=" " ind2=" ">
    <subfield code="0">0</subfield>
    <subfield code="1">0</subfield>
    <subfield code="2">ddc</subfield>
    <subfield code="4">0</subfield>
    <subfield code="7">1</subfield>
    <subfield code="8">NFIC</subfield>
    <subfield code="a">DBAD</subfield>
    <subfield code="b">DBAD</subfield>
    <subfield code="d">2009-11-21</subfield>
    <subfield code="e">DBAD /VEN</subfield>
    <subfield code="g">100.00</subfield>
    <subfield code="l">0</subfield>
    <subfield code="o">808.6 &#x905;&#x925;&#x948;&#x92F;&#x93E;</subfield>
    <subfield code="p">HN-60968</subfield>
    <subfield code="r">2009-11-21 00:00:00</subfield>
    <subfield code="t">1</subfield>
    <subfield code="v">100.00</subfield>
    <subfield code="w">2009-11-21</subfield>
    <subfield code="y">HN</subfield>
  </datafield>
</record>
